| 000 | 00490nam a2200217Ia 4500 | ||
|---|---|---|---|
| 008 | 170918s9999 xx 000 0 und d | ||
| 020 | _a9780060871307 | ||
| 050 | _bH945sm 2009 | ||
| 100 | _aHunter, Erin | ||
| 245 | _aSmoke mountain / | ||
| 245 | _cby Erin Hunter. | ||
| 250 | _aFirst edition | ||
| 260 | _aNew York : | ||
| 260 | _bHarper, | ||
| 260 | _c2009 | ||
| 300 | _a259 pages : | ||
| 300 | _billustrations ; | ||
| 300 | _c19cm. | ||
| 300 | _eSeekers ; | ||
| 440 | _a3 | ||
| 999 |
_c343855 _d343855 |
||